| 000 | 00832cam a2200313 4500 | ||
|---|---|---|---|
| 001 | 301566 | ||
| 003 | GZU | ||
| 005 | 20260323092027.0 | ||
| 008 | 730306s1972 enk 000 1 eng | ||
| 010 | _a 72172428 | ||
| 015 | _aB72-12080 | ||
| 020 | _a0246105453 | ||
| 020 | _a9780246105455 | ||
| 022 | _a. | ||
| 035 | _a301566 | ||
| 040 |
_aDLC _cDLC _dDLC _beng _erda |
||
| 050 | 0 | 0 |
_bANG 1972 _aPR6053 |
| 100 | 1 |
_aCarter, Angela, _d1940-1992. _eauthor |
|
| 245 | 1 | 4 |
_aThe infernal desire machines of Doctor Hoffman : _ba novel / _cAngela Carter |
| 260 |
_aLondon : _bHart-Davis, _c1972. |
||
| 300 |
_a286 pages ; _c21 cm. |
||
| 336 |
_atext _btxt _2rdacontent |
||
| 337 |
_aunmediated _bn _2rdamedia |
||
| 338 |
_avolume _bnc _2rdacarrier |
||
| 504 | _a. | ||
| 505 | _a. | ||
| 520 | _a. | ||
| 942 |
_2lcc _cBK _h6053 _iANG _kPR |
||
| 999 |
_c11750 _d11750 |
||